header

Living histories (Record no. 148737)

MARC details
000 -LEADER
fixed length control field 01246nam a2200289Ia 4500
100 1# - MAIN ENTRY--AUTHOR NAME
Personal name Colwell-Chanthaphonh, Chip
245 10 - TITLE STATEMENT
Title Living histories
260 ## - PUBLICATION, DISTRIBUTION, ETC. (IMPRINT)
Place of publication Lanham, MD :
Name of publisher Altamira Press,
Year of publication c2010.
300 ## - PHYSICAL DESCRIPTION
Number of Pages x, 201 p. :
Other physical details ill.
490 0# - SERIES STATEMENT
Series statement Issues in Southwest archeology
650 #0 - SUBJECT ADDED ENTRY--TOPICAL TERM
Topical Term Archaeology
Topical Term Indians of North America
856 40 - ELECTRONIC LOCATION AND ACCESS
Uniform Resource Identifier http://site.ebrary.com/lib/rucke/Doc?id=10435072

No items available.

© 2026 Rongo University
Contact us: librarian | system librarian | Rongo university